Ekoinovácie ako významný faktor udržateľnosti MSP v SR diplomová práca

Guardado en:
Detalles Bibliográficos
Autor principal: Čongvová, Anna
Autor Corporativo: Fakulta podnikového manažmentu EU. Katedra podnikovohospodárska
Otros Autores: Bukovová, Sylvia, 1959-
Formato: Libro
Lenguaje:eslovaco
Publicado: Bratislava 2023
Etiquetas: Agregar Etiqueta
Sin Etiquetas, Sea el primero en etiquetar este registro!

MARC

LEADER 00000nbm a2200000 4500
001 0293574
005 20240219145127.0
041 0 |a slo 
044 |a SK 
245 1 0 |a Ekoinovácie ako významný faktor udržateľnosti MSP v SR  |b diplomová práca  |c Anna Čongvová ; školiteľ: Sylvia Bukovová 
264 1 |a Bratislava  |c 2023 
300 |a 84 s. 
100 1 |a Čongvová, Anna 
700 1 |a Bukovová, Sylvia, 1959- 
710 2 |a Fakulta podnikového manažmentu EU. Katedra podnikovohospodárska